Colorado 14ers - Statistics

General Stats
  • This quiz has been taken 18 times
  • The average score is 26 of 53
Answer Stats
Elevation Mountain % Correct
14,440 Mount Elbert
100%
14,115 Pikes Peak
88%
14,421 Mount Harvard
76%
14,428 Mount Massive
76%
14,278 Grays Peak
71%
14,259 Longs Peak
71%
14,271 Mount Blue Sky
71%
14,163 Maroon Peak
65%
14,065 Mount Bierstadt
65%
14,155 Mount Democrat
65%
14,204 Mount Princeton
65%
14,200 Mount Yale
65%
14,275 Torreys Peak
65%
14,351 Blanca Peak
59%
14,293 Mount Lincoln
59%
14,011 Mount of the Holy Cross
59%
14,137 Capitol Peak
53%
14,087 Challenger Point
53%
14,203 Crestone Needle
53%
14,300 Crestone Peak
53%
14,171 Kit Carson Mountain
53%
14,343 La Plata Peak
53%
14,158 Mount Sneffels
53%
14,321 Uncompahgre Peak
53%
14,053 Culebra Peak
47%
14,074 Missouri Mountain
47%
14,178 Mount Bross
47%
14,077 Mount Columbia
47%
14,231 Mount Shavano
47%
14,271 Quandary Peak
47%
14,043 Little Bear Park
41%
14,090 Mount Eolus
41%
14,048 Mount Lindsey
41%
14,160 Mount Oxford
41%
14,252 Mount Wilson
41%
14,099 Snowmass Mountain
41%
14,065 Sunlight Peak
41%
14,021 Wetterhorn Peak
41%
14,023 Wilson Peak
41%
14,010 Huron Peak
35%
14,276 Mount Antero
35%
14,203 Mount Belford
35%
14,022 San Luis Peak
35%
14,007 Sunshine Peak
35%
14,093 Windom Peak
35%
14,279 Castle Peak
29%
14,048 Ellingwood Point
29%
14,025 Pyramid Peak
29%
14,041 Redcloud Peak
29%
14,162 Tabeguache Mountain
29%
14,058 Handies Peak
24%
14,070 Humboldt Peak
24%
14,043 Mount Sherman
24%
No matching quizzes found
Score Distribution
Percent of People with Each Score
Percentile by Number Answered
Your Score History
You have not taken this quiz